Flandre... ou Wallonie ? - Statistiques

Statistiques générales
  • Ce quiz a été pris 6 091 fois
  • Le résultat moyen est 9 sur 15
Statistiques - réponses
Question Réponse % Correct
Est la plus riche (en PIB par habitant) Flandre
88%
Est la plus peuplée Flandre
76%
Est la plus bilingue (français-néerlandais) Flandre
75%
Vote majoritairement à gauche Wallonie
75%
Une de ses provinces s'appelle le Luxembourg Wallonie
74%
Est la plus grande en superficie Wallonie
72%
La ville de Spa en fait partie Wallonie
71%
On y trouve la communauté germanophone de Belgique Wallonie
69%
Est décrite dans la chanson « Le Plat Pays » de Jacques Brel Flandre
55%
Possède le plus grand nombre de provinces Égalité
50%
Son nom est attesté depuis le Moyen-Âge Flandre
42%
Est entièrement connexe (d'un seul morceau) Ni l'une ni l'autre
42%
Le mouvement « rattachiste » souhaite sa réunion avec le pays voisin Wallonie
37%
Organise l'un des 5 monuments du cyclisme Les deux
35%
Sa capitale est Bruxelles Flandre
14%
Aucun quiz correspondant
Distribution des résultats
% des personnes avec chaque résultat
Percentile par nombre de réponses
Votre historique - résultats
Vous n’avez pas pris ce quiz